000 00606nam a2200217 a 4500
001 BRCA_3982
005 20190320204512.0
008 150110s1899----gw-a######---#000-0#ger-#
041 _ager
044 _agw
050 4 _aQA303
_b.L83 1899
100 1 _aLübsen, H. B.
_910352
245 1 0 _aEinleitung in die infinitesimal - Rechnung (diferential und integral Rechnung) zum selbstunterricht
_cH. B. Lübsen.
250 _a8
260 _aLeipzig, Alemania
_bF. Brandstetter
_c1899
300 _a384 p.
_bil.
_c22 cm.
500 _aCDE60
650 1 4 _aCalculo
_910353
902 _aGFM
942 _2lcc
_cB
999 _c3708
_d3708